| 000 | 00558nam a2200217Ia 4500 | ||
|---|---|---|---|
| 008 | 180523s9999 xx 000 0 und d | ||
| 020 | _a0-07-114714-4 | ||
| 050 | _aMAIN HD 30.22 | ||
| 050 | _b.S25 1996 c.2 | ||
| 100 | _aSalvatore, Dominic. | ||
| 245 | 0 | _aManagerial economics in a global economy / | |
| 245 | 0 | _cDominick Salvatore. | |
| 250 | _a3rd Edition | ||
| 260 | _aCanada : | ||
| 260 | _bMcGraw-Hill, | ||
| 260 | _c1996 | ||
| 300 | _a723 pages : | ||
| 300 | _bcolored illustrations ; | ||
| 300 | _c23 cm. | ||
| 500 | _aIncludes index. | ||
| 999 |
_c356807 _d356807 |
||